书目信息 |
| 题名: |
多媒体教学设计方案选
|
|
| 作者: | 陈庆贵 主编 | |
| 分册: | 小学自然 | |
| 出版信息: | 北京 科学出版社 2002 |
|
| 页数: | 239页 | |
| 开本: | 24cm | |
| 丛书名: | ||
| 单 册: | ||
| 中图分类: | G623.6 | |
| 科图分类: | ||
| 主题词: | 小学--常识课 | |
| 电子资源: | ||
| ISBN: | 7-03-009953-2 | |
| 000 | 00803nam0 2200229 45 | |
| 001 | 110000002006 | |
| 005 | 20050926104142.01 | |
| 010 | @a7-03-009953-2@dCNY34.00 | |
| 100 | @a20050108d2002 ekmy0chiy0120 ea | |
| 101 | 0 | @achi |
| 102 | @aCN@b110000 | |
| 105 | @aak z 000yy | |
| 200 | 1 | @a多媒体教学设计方案选@Aduo mei ti jiao xue she ji fang an xuan@i小学自然@f陈庆贵主编@Fchen qing gui zhu bian |
| 210 | @a北京@c科学出版社@d2002 | |
| 215 | @a239页@c图@d24cm@e1CD | |
| 307 | @a附光盘:ISBN 7-03-009953-2 | |
| 330 | @a本书共收41篇设计方案,各篇方案都注意突出了《自然》课的教学特点、多媒体的教学手段,以学生为主体和以学习者为中心的教学方式。 | |
| 606 | 0 | @a小学@x常识课 |
| 690 | @aG623.6@v4 | |
| 701 | 0 | @a陈庆贵@Achen qing gui@4主编 |
| 801 | 0 | @aCN@bTSSF@c20050926 |
| 905 | @a10447@dG623.6@e139 | |
| 多媒体教学设计方案选.小学自然/陈庆贵主编.-北京:科学出版社,2002 |
| 239页:图;24cm+1CD |
| ISBN 7-03-009953-2:CNY34.00 |
| 本书共收41篇设计方案,各篇方案都注意突出了《自然》课的教学特点、多媒体的教学手段,以学生为主体和以学习者为中心的教学方式。 |
| ● |
| 相关链接 |
|
|
|
|
正题名:多媒体教学设计方案选
索取号:G623.6/139
 
预约/预借
| 序号 | 登录号 | 条形码 | 馆藏地/架位号 | 状态 | 备注 |
| 1 | 0363129 | 3631298 | 第一样本阅览室/ [索取号:G623.6/139] | 在馆 | |
| 2 | 0363130 | 3631305 | 第四借阅区/ [索取号:G623.6/139] | 在馆 | |
| 3 | 0363131 | 3631314 | 第四借阅区/ [索取号:G623.6/139] | 在馆 | |
| 4 | 0363132 | 3631323 | 第四借阅区/ [索取号:G623.6/139] | 在馆 |